Normal view
MARC view
- النوره جي،احمد خورشيد
Entry Personal Name
001 - CONTROL NUMBER
- control field: 7583
003 - CONTROL NUMBER IDENTIFIER
- control field: JO-AjAnu
005 - DATE AND TIME OF LATEST TRANSACTION
- control field: 20230606071527.0
008 - FIXED-LENGTH DATA ELEMENTS
- fixed length control field: 230606|| aca||aabn | a|a d
040 ## - CATALOGING SOURCE
- Original cataloging agency: JO-AjAnu
- Transcribing agency: JO-AjAnu
100 ## - HEADING--PERSONAL NAME
- Personal name: النوره جي،احمد خورشيد
670 ## - SOURCE DATA FOUND
- Source citation: Work cat.: (JO-AjAnu)3922: النوره جي،احمد خورشيد, author, مفاهيم في الفلسفة والاجتماع